01455cam a22003254i 4500003000900000005001700009008004100026035001900067040003300086082002400119100003600143245007500179264003600254300003800290336002100328337002500349338002300374505063600397526001001033526001001043526001001053526001001063526000801073526000801081526000801089526000801097526000801105526000801113526000801121PE-LiUPU20250731173214.0150625s1992 sp r 000 0 spa d a(Sirsi) a32648 aPE-LiUPUbspacPE-LiUPUerda04a224.030336bJ242211 aJaramillo Rivas, Pedro,eautor.13aLa Injusticia y la Opresión en el Lenguaje Figurado de los Profetas. 1aNavarra :bVerbo Divino,c1992. a328 páginas ;c24 centímetros atext2rdacontent aunmediated2rdamedia avolume2rdacarrier0 acomo se ha vuelto ramera la Villa Fiel. -Habeis devastado la viña/triturarias a mi pueblo/moleis el rostro de los pobres. -Yugo, vara y baston.. rotos. -Perros mudos, incapaces de ladrar. -Incuban huevos de serpientes. -tejen telarañas. -Ponen trampas como cazadores. -Leones rugientes/lobos voraces. -Pastores, devoradores del rebaño. -Carneros y machos cabrios. -Una profea visita la ciudad. -Las vacas opresoras. -¡Ay de los que convierten el derecho en ajenjo!. -Agua que fluye/arroyo perenne. -Desuellan y se comen a mi pueblo. -edificais con sangre a Sion. -Acorralan, devoran, pescan.. al inocente. -Conclusion final. aSEG42 aSEG41 aSEG40 aSEG39 aP94 aP87 aP86 aP85 aP77 aP76 aP35